000
00253nam a2200097Ia 4500
001
1300131
005
20260420095858.0
008
260420s9999 xx 000 0 und d
245
0
_a
KUZUCUK KUZİ
_c
ASİYE ASLI ASLANER
260
_b
TİMAŞ ÇOCUK YAYINLARI
999
_c
1300131
_d
1300131